Statistiques concernant Forge Of Empires - Les Mondes

Cliquez ici pour prendre le quiz!

Statistiques générales

  • Ce quiz a été pris 9 fois
  • Le résultat moyen est 11 sur 20

Statistiques - réponses

Mondes% Correct
Arvahall
83%
Jaims
83%
Noarsil
83%
Brisgard
67%
East-Nagach
67%
Korch
67%
Tuulech
67%
Uceria
67%
Cirgard
50%
Langendorn
50%
Mount Killmore
50%
Parkog
50%
Qunrir
50%
Sinerania
50%
Dinegu
33%
Fel Dranghyr
33%
Greifental
33%
Houndsmoor
33%
Odhrorvar
33%
Rugnir
33%

Distribution des résultats

Percentile par nombre de réponses

% des personnes avec chaque résultat

Votre développement - résultats

Vous n’avez pas pris ce quiz